Hololive Oshi Mark - Statistics

General Stats
  • This quiz has been taken 207 times
  • The average score is 36 of 115
Answer Stats
gen Oshi Mark Talent % Correct
en3 ๐Ÿ—ฟ Koseki Bijou
83%
0 โ˜„๏ธ Hoshimachi Suisei
77%
0 ๐Ÿป Tokino Sora
76%
en1 ๐Ÿ”ฑ Gawr Gura
70%
id1 ๐Ÿฟ๏ธ Ayunda Risu
69%
en3 ๐Ÿพ๐Ÿฉต Fuwawa Abyssgard
69%
0 ๐Ÿค– Roboco
69%
3 ๐Ÿดโ€โ˜ ๏ธ Houshou Marine
67%
en3 ๐Ÿพ๐Ÿฉท Mococo Abyssgard
67%
en1 ๐Ÿ’€ Mori Calliope
67%
gamers ๐Ÿ™ Nekomata Okayu
67%
5 ๐ŸŽช Omaru Polka
65%
en2 โณ Ouro Kronii
65%
en1 ๐Ÿ” Takanashi Kiara
65%
4 ๐Ÿ Tsunomaki Watame
65%
en2 ๐ŸŽฒ Hakos Baelz
64%
0 ๐ŸŒธ Sakura Miko
62%
en2 ๐Ÿชถ Nanashi Mumei
61%
id2 ๐ŸงŸโ€โ™€๏ธ Kureiji Ollie
60%
en2 ๐ŸŒฟ Ceres Fauna
59%
en4 ๐Ÿ’„ Elizabeth Rose Bloodflame
58%
en1 ๐Ÿ”Ž Watson Amelia
58%
id1 ๐ŸŽจ Airani Iofifteen
57%
en1 ๐Ÿ™ Ninomae Ina'nis
54%
4 ๐Ÿ‰ Kiryu Coco
53%
2 โš“๏ธ Minato Aqua
53%
6 ๐Ÿงช Hakui Koyori
52%
en4 ๐Ÿ‘ง Gigi Murin
50%
id3 โ˜” Kobo Kanaeru
50%
en3 ๐Ÿ‘โ€๐Ÿ—จ Shiori Novella
50%
1 ๐ŸŒฝ Shirakami Fubuki
50%
gamers ๐Ÿฅ Inugami Korone
48%
en4 ๐Ÿฑ Raora Panthera
48%
id2 ๐Ÿฆš Pavolia Reine
46%
3 โš”๏ธ Shirogane Noel
46%
en2 ๐Ÿช Tsukumo Sana
46%
en3 ๐ŸŽผ Nerissa Ravencroft
44%
id3 ๐Ÿ”จ Kaela Kovalskia
42%
2 ๐Ÿ˜ˆ Nakiri Ayame
42%
5 ๐Ÿ‘๐ŸฅŸ Momosuzu Nene
41%
5 โ˜ƒ๏ธ Yukihana Lamy
41%
hope ๐Ÿ’Ž IRyS
40%
1 ๐Ÿฎ Natsuiro Matsuri
40%
en4 ๐Ÿต Cecilia Immergreen
39%
id1 ๐Ÿ”ฎ Moona Hoshinova
38%
2 ๐Ÿš‘ Oozora Subaru
37%
4 ๐Ÿ’ซ Amane Kanata
35%
flow glow โ˜บ๏ธ๐Ÿ… Koganei Niko
35%
4 ๐Ÿ‘พ Tokoyami Towa
35%
2 ๐Ÿ’‹ Yuzuki Choco
34%
regloss ๐ŸŽนโœจ Otonose Kanade
33%
4 ๐Ÿฌ Himemori Luna
32%
gamers ๐ŸŒฒ Ookami Mio
32%
5 โ™Œ Shishiro Botan
32%
0 โš’๏ธ AZKi
30%
1 โค๏ธโ€๐Ÿ”ฅ Akai Haato
29%
flow glow ๐Ÿ’…โœจ Kikirara Vivi
29%
6 ๐Ÿ›ธ๐Ÿ’œ La+ Darknesss
29%
flow glow ๐ŸŽง๐Ÿ”ง Rindo Chihaya
28%
flow glow ๐Ÿ’ฌ๐Ÿ”๐Ÿ’™ Mizumiya Su
27%
3 ๐Ÿ‘ฏ Usada Pekora
27%
6 ๐Ÿƒ Kazama Iroha
25%
3 ๐Ÿ”ฅ Shiranui Flare
25%
1 ๐ŸŽ Aki Rosenthal
24%
3 ๐Ÿฆ‹ Uruha Rushia
24%
6 ๐ŸŽฃ Sakamata Chloe
23%
2 ๐ŸŒ™ Murasaki Shion
22%
armis ๐Ÿฆ– Jurard T Rexford
21%
id3 ๐Ÿ“œ Vestia Zeta
19%
tempus2 ๐ŸŽฉ Gavis Bettel
18%
6 ๐Ÿฅ€ Takane Lui
18%
id2 ๐Ÿ‚ Anya Melfissa
16%
flow glow ๐ŸŽค๐Ÿ‘‘ Isaki Riona
16%
regloss ๐Ÿงโšก Todoroki Hajime
16%
staff ๐Ÿ‘“ A-chan
14%
regloss ๐ŸŒƒ Ichijou Ririka
14%
1 ๐ŸŒŸ Yozora Mel
13%
tempus1 โ›“๏ธ Axel Syrios
12%
regloss ๐Ÿ–‹๏ธ Hiodoshi Ao
12%
tempus2 ๐Ÿ”… Banzoin Hakka
10%
armis ๐Ÿฆ… Goldbullet
10%
regloss ๐Ÿš Juufuutei Raden
10%
tempus2 ๐Ÿชซ Machina X Flayon
10%
armis แ€‘ Octavio
10%
stars1 ๐Ÿ• Arurandeisu
8%
armis ๐Ÿ’ข Crimzon Ruze
8%
staff ๐Ÿ“ Harusaki Nodoka
8%
stars2 ๐ŸŽญ Astel Leda
7%
1 ๐ŸŒฐ Hitomi Chris
7%
tempus1 ๐Ÿงค Magni Dezmond
7%
staff ๐Ÿ”š Omegaฮฑ
7%
stars3 ๐Ÿƒ Aragami Oga
6%
5 ๐Ÿ‘… Mano Aloe
6%
tempus1 ๐Ÿ“— Noir Vesper
6%
ch2 ๐ŸŸ Doris
5%
tempus2 ๐Ÿน Josuiji Shinri
5%
stars1 ๐ŸŽธ Kanade Izuru
5%
stars1 โš™๏ธ Rikka
5%
stars1 ๐ŸŒบ Hanasaki Miyabi
4%
tempus1 ๐ŸŽ‡ Regis Altare
4%
uproar ๐Ÿƒ Utsugi Uyu
4%
uproar ๐Ÿฆ Yatogami Fuma
4%
ch1 ๐Ÿผ๐ŸŽธ Yogiri
4%
stars2 ๐Ÿท Yukoku Roberu
4%
ch1 ๐ŸŒ™๐Ÿฆ„ Civia
3%
uproar ๐Ÿ–Œ๏ธ Hizaki Gamma
3%
stars1 ๐Ÿ’™ Kagami Kira
3%
stars3 ๐ŸŸฃ / ๐Ÿผ Kageyama Shien
3%
uproar ๐Ÿ•ฏ๏ธ Minase Rio
3%
ch2 โ„๏ธ Artia
2%
stars2 ๐Ÿฆ”๐Ÿ’จ Kishido Temma
2%
ch1 ๐Ÿ‘ Spade Echo
2%
stars3 ๐Ÿ’… Tsukishita Kaoru
2%
ch2 ๐Ÿ“– Rosalyn
1%
stars1 ๐Ÿ’Š Yakushiji Suzaku
1%
No matching quizzes found
Score Distribution
Percent of People with Each Score
Percentile by Number Answered
Your Score History
You have not taken this quiz